000 00568nam a2200205 i 4500
001 57914
003 ES-MaACL
005 20250704062527.0
007 t|
008 031020s1963 mx ||||1| spa d
100 1 _aDumas, Alexandre,
_d1802-1870
_eaut
_9241135
245 1 0 _aAntony /
_cAlejandro Dumas ; versión de Alvaro Arauz.
250 _a[1ª ed.].
260 _aMéxico :
_bHerrero,
_c1963.
300 _a100 p. ;
_c22 cm.
700 1 _aArauz, Alvaro.
_922366
852 _aES-MaACL
_jC-29349
_bR.59704
942 _2udc
999 _c57914
_d57914